=LDR 00000nam 2200000 4500 =001 INLIS000000000051242 =005 20170905100402 =035 ##$$a 0010-0917000046 =007 ta =008 170905###########################0###### =020 ##$$a 978-602-7996-58-8 =082 ##$$a 613.7 =084 ##$$a 613.7 NOR t =100 #$$a Nor Islafatun =245 1#$$a The Magie Movements Of Yoga /$c Nor Islafatun =260 ##$$a Yogyakarta :$b Trans Idea Publishing,$c 2014 =300 ##$$a 182 hlm : $b ilus. ; $c 23 cm =650 ##$$a Yoga-Kesehatan =990 ##$$a 1028510285 =990 ##$$a 1028510285 =990 ##$$a 1028510285 =990 ##$$a 1028510285 =990 ##$$a 1028510285 =990 ##$$a 21704396 =990 ##$$a 01201710285 =990 ##$$a 01201710286 =990 ##$$a 01201710287 =990 ##$$a 01201710288 =990 ##$$a 21704397 =990 ##$$a 01201710285 =990 ##$$a 01201710286 =990 ##$$a 01201710287 =990 ##$$a 21704396 =990 ##$$a 21704398 =990 ##$$a 01201710285 =990 ##$$a 01201710286 =990 ##$$a 21704397 =990 ##$$a 21704396 =990 ##$$a 21704399 =990 ##$$a 01201710285 =990 ##$$a 21704398 =990 ##$$a 21704397 =990 ##$$a 21704396 =990 ##$$a 21704400 =990 ##$$a 21704399 =990 ##$$a 21704398 =990 ##$$a 21704397 =990 ##$$a 21704396